01529nam a2200361 a 4500001001200000003000800012006001900020007001500039008004100054010001700095020003900112020003600151040002100187035002100208043001200229050002700241082001800268100002400286245012000310260005600430300004000486490002900526504005100555533015200606650005800758650006100816650005500877655002900932710001700961830004600978856012601024999001701150ebr10340767CaPaEBRm u cr cn|||||||||090316s2009 msuaf sb s001 0 eng  z 2009009732 z9781604732429 (cloth : alk. paper) z1604732423 (cloth : alk. paper) aCaPaEBRcCaPaEBR a(OCoLC)472611418 anwvi---14aHQ1220.V63bO45 2009eb04a306.4/6132221 aOliver, M. Cynthia.10aQueen of the Virginsh[electronic resource] :bpageantry and black womanhood in the Caribbean /cM. Cynthia Oliver. aJackson :bUniversity Press of Mississippi,cc2009. ax, 182 p., [8] p. of plates :bill.1 aCaribbean studies series aIncludes bibliographical references and index. aElectronic reproduction.bPalo Alto, Calif. :cebrary,d2013.nAvailable via World Wide Web.nAccess may be limited to ebrary affiliated libraries. 0aBeauty contestszVirgin Islands of the United States. 0aBeauty contestantszVirgin Islands of the United States. 0aWomen, BlackzVirgin Islands of the United States. 7aElectronic books.2local2 aebrary, Inc. 0aCaribbean studies series (Jackson, Miss.)40uhttp://site.ebrary.com/lib/rucke/Doc?id=10340767zAn electronic book accessible through the World Wide Web; click to view c46869d46869